La Autoridad en la familia y en la escuela / (Registro nro. 95323)
[ vista simple ]
| 000 -LEADER | |
|---|---|
| fixed length control field | 00647cam a2200217 4500 |
| 008 - FIXED-LENGTH DATA ELEMENTS--GENERAL INFORMATION | |
| fixed length control field | 1951 spa |
| 050 #4 - LIBRARY OF CONGRESS CALL NUMBER | |
| Classification number | HQ784 |
| Item number | .A87 K52 1951 |
| 100 1# - MAIN ENTRY--PERSONAL NAME | |
| Personal name | Kieffer, Francisco |
| 245 #3 - TITLE STATEMENT | |
| Title | La Autoridad en la familia y en la escuela / |
| Statement of responsibility, etc | por Francisco Kieffer ; tr. por L. Reca. |
| 260 ## - PUBLICATION, DISTRIBUTION, ETC. (IMPRINT) | |
| Place of publication, distribution, etc | Madrid : |
| Name of publisher, distributor, etc | Fax, |
| Date of publication, distribution, etc | 1951 |
| 300 ## - PHYSICAL DESCRIPTION | |
| Extent | 283 p. ; |
| Dimensions | 21 cm. |
| 440 #0 - SERIES STATEMENT/ADDED ENTRY--TITLE | |
| Title | Biblioteca de Filosofía y Pedagogía |
| 500 ## - GENERAL NOTE | |
| General note | 1 ejem. |
| 504 ## - BIBLIOGRAPHY, ETC. NOTE | |
| Bibliography, etc | Incluye bibliografías |
| 650 #4 - SUBJECT ADDED ENTRY--TOPICAL TERM | |
| Topical term or geographic name as entry element | Familia |
| General subdivision | Autoridad |
| 650 #4 - SUBJECT ADDED ENTRY--TOPICAL TERM | |
| Topical term or geographic name as entry element | Familia |
| General subdivision | Relaciones |
| 700 1# - ADDED ENTRY--PERSONAL NAME | |
| Personal name | Reca, L., |
| Relator term | tr. |
| 942 ## - ADDED ENTRY ELEMENTS (KOHA) | |
| Source of classification or shelving scheme | Biblioteca del Cogreso de los Estados Unidos |
| Koha item type | Libro |
| Estado de pérdida | Fuente de clasificación | Estado del daño | No para préstamo | Ubicación permanente | Ubicación actual | Apartado o colección | Fecha de adquisición | Edición | Área del conocimiento | Clasificación | Código de Barras | Date last seen | Número de copia | Tipo de recurso |
|---|---|---|---|---|---|---|---|---|---|---|---|---|---|---|
| Clasificación Decimal Dewey | Biblioteca de la Facultad de Filosofía | Biblioteca de la Facultad de Filosofía | General | 23/09/2015 | 1a. ed. | Educación y Humanidades | HQ784 .A87 K52 1951 | BFF000005079 | 23/09/2015 | c: 1 | Libro |